000
00251nam a2200109Ia 4500
008
231212s1983 xx 000 0 und d
041
_a
eng
082
_a
491.93
100
_a
Thakur Gopal
245
_a
Bhagat Singh
260
_a
New Delhi
_b
Mascow
_c
1983
999
_c
958596
_d
958596